States of Mexico - Borders - Statistics

General Stats
  • This quiz has been taken 104 times
  • The average score is 21 of 31
Answers on the Map
Answers color-coded by a green-red scale on the quiz's map according to % correct below.
 
Answer Stats
State % Correct
Baja California
96%
México
96%
Chihuahua
87%
Yucatán
87%
Baja California Sur
85%
Oaxaca
79%
Quintana Roo
77%
Chiapas
74%
Veracruz
74%
Sonora
70%
Durango
68%
Jalisco
68%
Puebla
68%
Sinaloa
68%
Coahuila
66%
Nuevo León
66%
Guerrero
64%
Hidalgo
64%
Michoacán
64%
Tabasco
64%
Campeche
62%
Tamaulipas
62%
Colima
60%
Morelos
60%
San Luis Potosí
60%
Aguascalientes
57%
Nayarit
57%
Tlaxcala
55%
Zacatecas
53%
Guanajuato
47%
Querétaro
47%
No matching quizzes found
Score Distribution
Percent of People with Each Score
Percentile by Number Answered
Your Score History
You have not taken this quiz